Statistiques concernant Gares les plus fréquentées en Normandie

Cliquez ici pour prendre le quiz!

Statistiques générales

  • Ce quiz a été pris 109 fois
    (27 depuis la dernière actualisation)
  • Le résultat moyen est 8 sur 12

Statistiques - réponses

Voyageurs (2017) Gare % Correct
5,812,000Rouen Rive Droite
100%
3,047,000Caen
100%
574,000Cherbourg
91%
1,739,000Le Havre
91%
1,151,000Evreux - Normandie
87%
504,000Dieppe
70%
734,000Trouville - Deauville
70%
951,000Lisieux
70%
547,000Bayeux
61%
1,840,000Vernon - Giverny
35%
912,000Yvetot
22%
534,000Gaillon - Aubevoye
13%

Distribution des résultats

Percentile by Number Answered

% des personnes avec chaque résultat

Votre développement - résultats

Vous n’avez pas pris ce quiz depuis la dernière actualisation